Film con maggiori incassi in Italia - Statistics

Statistiche generali
  • Questo quiz è stato fatto 34 volte
    19 dall'ultimo reset
  • Il punteggio medio è 9 su 31
Statistiche sulle risposte
Incasso (€) Anno di uscita del film Film % Corretto
65 365 676 2016 Quo vado?
88%
51 936 318 2013 Sole a catinelle
75%
68 675 722 2009 Avatar
69%
44 798 567 2022 Avatar - La via dell'acqua
69%
31 231 984 1997 La vita è bella
63%
36 894 640 2023 C'è ancora domani
56%
43 474 047 2011 Che bella giornata
56%
51 890 733 1997 Titanic
56%
46 201 300 2020 Tolo Tolo
50%
29 873 491 2010 Benvenuti al Sud
38%
30 282 131 2019 Avengers: Endgame
31%
32 166 606 2023 Barbie
31%
28 458 894 2000 Chiedimi se sono felice
31%
27 178 307 2012 Benvenuti al Nord
25%
27 183 576 2001 Harry Potter e la pietra filosofale
25%
37 514 561 2019 Il re leone
25%
25 387 868 2015 Inside Out
25%
26 197 231 2002 Pinocchio
25%
25 047 985 2021 Spider-Man: No Way Home
25%
46 530 579 2024 Inside Out 2
13%
28 575 430 2023 Oppenheimer
13%
25 551 439 2015 Star Wars - Il risveglio della Forza
13%
28 085 461 1996 Il ciclone
6%
29 671 973 2019 Joker
6%
28 296 128 2002 Natale sul Nilo
6%
30 400 685 2010 Alice in Wonderland
0%
29 079 056 2018 Bohemian Rhapsody
0%
25 878 172 1997 Fuochi d'artificio
0%
28 678 463 2006 Il codice da Vinci
0%
29 694 180 2009 L'era glaciale 3 - L'alba dei dinosauri
0%
25 091 565 2008 Madagascar 2
0%
Nessun quiz corrispondente trovato
Distribuzione punteggi
Percentuale di utenti per punteggio
Percentile per numero di risposta
I tuoi punteggi nel tempo
Non hai fatto questo quiz dall'ultimo reset